000 00300nam a22001337a 4500
008 180807b xxu||||| |||| 00| 0 eng d
082 _a813.52
245 _aEssentials of Family Medicine
_cSloane
260 _c2002
300 _a1
_eCD
440 _x18006383030
760 _b4th
942 _2ddc
_cMX
999 _c46912
_d46912